Informe
Síntesis de la organización del gobierno panameño a distintos niveles y sus respectivas funciones, señala que Panamá presenta tres formas de gobiernos entrelazadas y correlacionadas en una configuración nacional unitaria de gobierno: la consistente en la concepción republicana de gobierno con separa...
Spremljeno u:
| Autor kompanije: | |
|---|---|
| Format: | Nepoznato |
| Izdano: |
San José:
ICAP
|
| Teme: | |
| Oznake: |
Dodaj oznaku
Bez oznaka, Budi prvi tko označuje ovaj zapis!
|
MARC
| LEADER | 00000 a2200000 04500 | ||
|---|---|---|---|
| 001 | 19939 | ||
| 003 | |||
| 008 | 991231s d | ||
| 040 | |||
| 090 | |a 081201 | ||
| 110 | |a ICAP | ||
| 245 | |a Informe | ||
| 260 | |a San José: |b ICAP | ||
| 300 | |a p. irreg. | ||
| 520 | |a Síntesis de la organización del gobierno panameño a distintos niveles y sus respectivas funciones, señala que Panamá presenta tres formas de gobiernos entrelazadas y correlacionadas en una configuración nacional unitaria de gobierno: la consistente en la concepción republicana de gobierno con separación de los poderes, la militar consistente en la toma de decisiones por los altos oficiales y su ejecución directa y autónoma y la popular que delibera y ejecuta a niveles inferiores de poder./ACM | ||
| 650 | |a ESTADO | ||
| 650 | |a GOBIERNO CENTRAL | ||
| 650 | |a PUB. ICAP | ||
| 999 | |c 11826 |d 11826 | ||
